000 00683nam a2200241Ia 4500
003 OSt
005 20220926021711.0
006 a|||||r|||| 00| 0
007 ta
008 220923b |||||||| |||| 00| 0 eng d
037 _cGeneral Book
040 _aRTL
_cRTL
_beng
041 _2eng
_aeng
082 _aV1N45,93:3.P07, P7/UN/SC
110 _aUNITED NATIONS
245 0 _aGeneral assembly official records
_b 62nd session.
260 _aNew York
_bUnited Nations
_c2007
300 _avi,242p.
_ccm.
500 _aSupplement No.7.
700 _aUNITED NATIONS
942 _hV1N45,93:3.P07, P7/UN/SC
_cGB
_2CC
999 _c637419
_d637419